Pas ce soir chéri, j'ai la migraine (mort su bite) - Statistiques

Statistiques générales
  • Ce quiz a été pris 346 fois
  • Le résultat moyen est 2 sur 8
Answers on the Grid
Answers color-coded by a green-red scale on the quiz's grid according to % correct below.
Article de femme
Pré position
Antonyme de "prou"
Type de flûte à bec
Marin d'eau douce
Polichinelle dans le tiroir
Pronom personnel
Lieu d'aisance
Sucre d'orge
Pronom de Dieu
C'est cela, oui
Heureusement que Dolly Prane est là !
Priapisme
Vêprée
Proposition indécente
Trompe
 
Statistiques - réponses
Réponse % Correct
Article de femme
54%
Heureusement que Dolly Prane est là !
31%
Pronom personnel
31%
Trompe
21%
C'est cela, oui
20%
Antonyme de "prou"
16%
Sucre d'orge
14%
Vêprée
10%
Aucun quiz correspondant
Distribution des résultats
% des personnes avec chaque résultat
Percentile par nombre de réponses
Votre historique - résultats
Vous n’avez pas pris ce quiz